000 01066cam a2200349 a 4500
001 75354
003 BD-RjUL
005 20211209082657.0
008 190320s1964 nyua b 001 0 eng
035 _a01-690//r852
040 _a(BD-RjUL)75572
_cCGU
_dm.c
_beng
041 _aeng
082 _a595.701
_223
_bPHY 1964
092 _aD0400440880
245 0 4 _aThe physiology of Insecta /
_cedited by Morris Rockstein
260 _aNew York ;
_aLondon :
_bAcademic Press,
_c1964
300 _a3 v. :
_bill. ;
_c24 cm
500 _aIncludes indexes
504 _aIncludes bibliographies
650 0 _aInsects
_xPhysiology
_9229492
700 1 _aRockstein, Morris.
_9229493
942 _2ddc
_cBK
999 _c75354
_d75354